| 000 | 00974nam a22002417a 4500 | ||
|---|---|---|---|
| 005 | 20170124103209.0 | ||
| 010 | _a766521 | ||
| 020 | _c00.00 | ||
| 035 | _a766521 | ||
| 037 | _bCen Lib/Ret | ||
| 040 |
_aDPL _bHN |
||
| 082 |
_a338 _bकिर्जन |
||
| 100 |
_aकिर्जन इजराइल _995458 |
||
| 245 |
_aबाज़ार सिद्धांत एवं मूल्य पद्दति / _cकिर्जन इजराइल |
||
| 246 |
_aBazar siddhant evam mulay paddti _bby Kirzan Ijrail |
||
| 300 |
_a367पृष्ठ. _c22सेमी(सजिल्द) |
||
| 500 | _a सन्दर्भ ग्रन्थ सूची शामिल | ||
| 650 |
_aआर्थिक सिद्धांत _995459 |
||
| 650 |
_aबाज़ार - उत्पादन _995460 |
||
| 650 |
_aEconomic theory _99818 |
||
| 650 |
_aMarket - production _995461 |
||
| 942 |
_2ddc _cHN _h338 _mकिर्जन |
||
| 999 |
_c121192 _d121192 |
||